000 00694nam a2200229Ia 4500
003 GCL
008 140319s9999 xx 000 0 ara d
040 _aGCL /
_cGCL
082 0 4 _a301.491968
_bق ا
100 1 _aمحمد فتحى
245 1 0 _aافريقيا فى المرآة /
_cمحمد فتحى
700 1 _aعلى رفاعة الانصارى
700 1 _aقفاليل، خرقيل
300 _a260 ص
490 _aالالف كتاب
_v0
650 0 4 _aالاقليات
650 0 4 _aالتفرقة العنصرية
650 0 4 _aالاجتماع، علم
650 0 4 _aالزنوج
650 0 4 _aالتفرقة العنصرية-جنوب افريقيا
942 _2ddc
_cBK
999 _c49947
_d49947